000 01467cam a22003494a 4500
001 14008640
003 OSt
005 20160811090753.0
008 050620s2005 nyu b 001 0 eng
010 _a 2005017716
020 _a9780801444067 (cloth : alk. paper)
020 _a0801444063 (cloth : alk. paper)
020 _a9780801472527 (pbk. : alk. paper)
020 _a0801472520 (pbk. : alk. paper)
040 _aNIC/DLC
_cDLC
_dDLC
042 _apcc
043 _an-us---
050 0 0 _aHQ1063.2.U6
_bW45 2005
082 0 0 _a306.3/8/0973
_222
100 1 _aWeiss, Robert Stuart,
_d1925-
245 1 4 _aThe experience of retirement /
_cRobert S. Weiss ; with a foreword by David J. Ekerdt.
260 _aIthaca, N.Y. :
_bCornell University Press,
_c2005.
300 _axii, 213 p. ;
_c24 cm.
504 _aIncludes bibliographical references and index.
505 0 _aReasons for retirement -- The departure from work -- Gains and losses -- Money -- Social isolation -- Using the time of retirement -- Marriage and family -- A good retirement.
650 0 _aRetirement
_zUnited States.
650 0 _aRetirees
_zUnited States.
856 4 1 _3Table of contents
_uhttp://www.loc.gov/catdir/toc/ecip0515/2005017716.html
906 _a7
_bcbc
_corignew
_d1
_eecip
_f20
_gy-gencatlg
942 _2lcc
_cBOOKS
_hHQ 1063.2 .U6W4 2005
999 _c13403
_d13403